000 00940nam a2200205Ii 4500
003 JO-AjNU
008 230605s9999||||xx |||||||||||||| ||und||
040 _aJO-AjNU
_bara
_erda
_cJO-AjNU
041 _aara
050 1 4 _aKRM500.S26 2000
100 3 _aالسنهوري، عبد الرزاق أحمد ,
_eauthor
_911640
245 0 0 _aالوسيط في شرح القانون المدني الجديد : أسباب كسب الملكية مع الحقوق العينية الأصلية المتفرعة عن الملكية ( حق الانتفاع وحق الارتفاق)
250 _aط3/جديدة
264 3 1 _aبيروت: منشورات الحلبي الحقوقية، 2000
300 _aج9، م1، 758ص
336 _atext
_btxt
_2rdacontent
337 _aunmediated
_bn
_2rdamedia
338 _avolume
_bnc
_2rdacarrier
650 4 _aالالتزامات- قوانين وتشريعات- العقود- القانون المدني
_911641
999 _aA2429
_c5997
_d5997